Prueba de Malta - Estadísticas

Estadísticas generales
  • Esta prueba ha sido intentada 1.190 veces
  • La puntuación promedio es 11 de 16
Estadísticas de respuestas
Pista Respuesta % Correcto
Países más cercanos Italia
98%
Mar en el que se encuentra Malta Mar Mediterráneo
98%
Capital La Valeta
96%
Moneda de Malta Euro
93%
Idiomas oficiales Inglés
93%
País del que Malta obtuvo su independencia en 1964 Reino Unido
89%
Idiomas oficiales Maltés
88%
El objeto que aparece en la bandera Cruz
84%
Países más cercanos Túnez
84%
Malta tiene la sexta ______ de población más alta de todos los países, antes de Bangladesh Densidad
72%
Nombre de la isla más grande, que contiene el 78% de la superficie de Malta Malta
53%
Grupo de personas que fueron expulsadas de Malta en 1249 Musulmanes
43%
La segunda isla más grande Gozo
30%
La guerra en la que la heroica resistencia de Malta le valió a todo el país la Cruz de Jorge Segunda Guerra Mundial
26%
La orden militar que gobernó las islas de 1530 a 1798 Orden de {San} {Juan} de Jerusalén
18%
El municipio más poblado Bahía de San Pablo
9%
No se encontraron pruebas coincidentes
Distribución de puntuación
Porcentaje de gente con cada puntuación
Porcentaje por número respondido
Historial de tus puntuaciones
No has intentado esta prueba.